MARC details
| 000 -LEADER |
| fixed length control field |
01968nam a2200469 i 4500 |
| 001 - CONTROL NUMBER |
| control field |
1420810489 |
| 003 - CONTROL NUMBER IDENTIFIER |
| control field |
OCoLC |
| 005 - DATE AND TIME OF LATEST TRANSACTION |
| control field |
20260109025424.0 |
| 008 - FIXED-LENGTH DATA ELEMENTS--GENERAL INFORMATION |
| fixed length control field |
240212t20212018enkab j 000 1 eng d |
| 020 ## - INTERNATIONAL STANDARD BOOK NUMBER |
| International Standard Book Number |
9781782263760 |
| Qualifying information |
(paperback) |
| 020 ## - INTERNATIONAL STANDARD BOOK NUMBER |
| International Standard Book Number |
1782263764 |
| Qualifying information |
(paperback) |
| 035 ## - SYSTEM CONTROL NUMBER |
| System control number |
(OCoLC)1420810489 |
| 040 ## - CATALOGING SOURCE |
| Original cataloging agency |
IHI |
| Language of cataloging |
eng |
| Description conventions |
rda |
| Transcribing agency |
IHI |
| Modifying agency |
OCLCO |
| -- |
SO$ |
| 041 1# - LANGUAGE CODE |
| Language code of text/sound track or separate title |
eng |
| Language code of original |
ita |
| 082 04 - DEWEY DECIMAL CLASSIFICATION NUMBER |
| Classification number |
[Fic] |
| Edition number |
23 |
| 092 ## - LOCALLY ASSIGNED DEWEY CALL NUMBER (OCLC) |
| Filing suffix |
J |
| Classification number |
STILTON |
| 100 1# - MAIN ENTRY--PERSONAL NAME |
| Personal name |
Stilton, Geronimo, |
| Relator term |
author. |
| 240 10 - UNIFORM TITLE |
| Uniform title |
<a href="Strano caso del fantasma al Grand Hotel.">Strano caso del fantasma al Grand Hotel.</a> |
| Language of a work |
English. |
| 245 10 - TITLE STATEMENT |
| Title |
This hotel is haunted / |
| Statement of responsibility, etc. |
Geronimo Stilton. |
| 250 ## - EDITION STATEMENT |
| Edition statement |
2021 UK edition. |
| 264 #1 - PRODUCTION, PUBLICATION, DISTRIBUTION, MANUFACTURE, AND COPYRIGHT NOTICE |
| Place of production, publication, distribution, manufacture |
Leicester, England : |
| Name of producer, publisher, distributor, manufacturer |
Sweet Cherry Publishing, |
| Date of production, publication, distribution, manufacture, or copyright notice |
2021. |
| 264 #4 - PRODUCTION, PUBLICATION, DISTRIBUTION, MANUFACTURE, AND COPYRIGHT NOTICE |
| Date of production, publication, distribution, manufacture, or copyright notice |
℗♭2018. |
| 300 ## - PHYSICAL DESCRIPTION |
| Extent |
101 pages : |
| Other physical details |
illustrations, maps ; |
| Dimensions |
20 cm. |
| 336 ## - CONTENT TYPE |
| Content type term |
text |
| Content type code |
txt |
| Source |
rdacontent. |
| 337 ## - MEDIA TYPE |
| Media type term |
unmediated |
| Media type code |
n |
| Source |
rdamedia. |
| 338 ## - CARRIER TYPE |
| Carrier type term |
volume |
| Carrier type code |
nc |
| Source |
rdacarrier. |
| 490 1# - SERIES STATEMENT |
| Series statement |
Geronimo Stilton ; |
| Volume/sequential designation |
50. |
| 500 ## - GENERAL NOTE |
| General note |
Original title: Lo strano caso del fantasma al Grand Hotel. |
| 500 ## - GENERAL NOTE |
| General note |
Based on an original idea by Elisabetta Dami. |
| 520 ## - SUMMARY, ETC. |
| Summary, etc. |
"Even a scaredy mouse like Geronimo knows there's no such thing as ghosts. Or is there? Something is spooking guests at the Grand Hotel and it's up to Geronimo to find out what--or who. Can Hercule Poirat help him solve this fur-raising mystery? Or will business go down the toilet?"--Publisher's description. |
| 546 ## - LANGUAGE NOTE |
| Language note |
Translated from the Italian. |
| 600 10 - SUBJECT ADDED ENTRY--PERSONAL NAME |
| Personal name |
Stilton, Geronimo |
| Form subdivision |
Juvenile fiction. |
| 650 #0 - SUBJECT ADDED ENTRY--TOPICAL TERM |
| Topical term or geographic name as entry element |
Mice |
| Form subdivision |
Juvenile fiction. |
| 650 #0 - SUBJECT ADDED ENTRY--TOPICAL TERM |
| Topical term or geographic name as entry element |
Haunted hotels |
| Form subdivision |
Juvenile fiction. |
| 650 #0 - SUBJECT ADDED ENTRY--TOPICAL TERM |
| Topical term or geographic name as entry element |
Investigations |
| Form subdivision |
Juvenile fiction. |
| 655 #7 - INDEX TERM--GENRE/FORM |
| Genre/form data or focus term |
Ghost stories. |
| Source of term |
lcgft. |
| 700 1# - ADDED ENTRY--PERSONAL NAME |
| Personal name |
Dami, Elisabetta, |
| Relator term |
creator. |
| 700 12 - ADDED ENTRY--PERSONAL NAME |
| Relationship information |
Container of (expression): |
| Personal name |
Stilton, Geronimo. |
| Title of a work |
Strano caso del Fantasma al Grand Hotel. |
| Language of a work |
English. |
| 800 1# - SERIES ADDED ENTRY--PERSONAL NAME |
| Personal name |
Stilton, Geronimo. |
| Title of a work |
Geronimo Stilton. |
| Name of part/section of a work |
Classic tales ; |
| Volume/sequential designation |
50. |
| 907 ## - LOCAL DATA ELEMENT G, LDG (RLIN) |
| a |
.b492016537 |
| 942 ## - ADDED ENTRY ELEMENTS (KOHA) |
| Source of classification or shelving scheme |
Dewey Decimal Classification |
| Koha item type |
Libro/Book |